|
|
|
|
| LEADER |
00000cam a2200000 7i4500 |
| 001 |
0000001436 |
| 005 |
20010627.0 |
| 090 |
0 |
0 |
|a 634.9751
|b ARA 1968
|
| 245 |
0 |
4 |
|a The ARAUCARIAS
|c compiled by O. O. Ntima
|
| 260 |
0 |
0 |
|a Oxford :
|b Commonwealth Forestry Institute ,
|c 1968
|
| 300 |
|
|
|a [1], x, 139 p. 2 plates :
|b ill., 2 maps ;
|c 25 cm.
|
| 440 |
0 |
0 |
|a Fast growing timber trees of the lowland tropics, n. 3
|
| 500 |
0 |
0 |
|a Bibliography :[ p. 127-139]
|
| 650 |
0 |
0 |
|a Araucaria
|
| 650 |
0 |
0 |
|a Pine
|
| 700 |
0 |
1 |
|a Ntima
|h O. O.
|
| 998 |
|
|
|a JPSM
|
| 999 |
|
|
|a 0000002497
|b Monograph
|c Open Shelf
|e Default branch
|